| 000 -LEADER |
| fixed length control field |
02219cam a22005297i 4500 |
| 001 - CONTROL NUMBER |
| control field |
18494360 |
| 005 - DATE AND TIME OF LATEST TRANSACTION |
| control field |
20221031120333.0 |
| 008 - FIXED-LENGTH DATA ELEMENTS--GENERAL INFORMATION |
| fixed length control field |
150213s2015 enka b 001 0 eng d |
| 010 ## - LIBRARY OF CONGRESS CONTROL NUMBER |
| LC control number |
2015933540 |
| 015 ## - NATIONAL BIBLIOGRAPHY NUMBER |
| National bibliography number |
GBB521846 |
| Source |
bnb |
| 020 ## - INTERNATIONAL STANDARD BOOK NUMBER |
| International Standard Book Number |
9781906165512 (pbk.) |
| 020 ## - INTERNATIONAL STANDARD BOOK NUMBER |
| International Standard Book Number |
1906165513 (pbk.) |
| 035 ## - SYSTEM CONTROL NUMBER |
| System control number |
(OCoLC)ocn908408866 |
| 040 ## - CATALOGING SOURCE |
| Original cataloging agency |
EQO |
| Language of cataloging |
eng |
| Transcribing agency |
EQO |
| Description conventions |
rda |
| Modifying agency |
OCLCO |
| -- |
ZCU |
| -- |
OCLCF |
| -- |
OCLCQ |
| -- |
NDD |
| -- |
NLE |
| -- |
CDX |
| -- |
YDXCP |
| -- |
DLC |
| 042 ## - AUTHENTICATION CODE |
| Authentication code |
lccopycat |
| 043 ## - GEOGRAPHIC AREA CODE |
| Geographic area code |
a-ja--- |
| 050 00 - LIBRARY OF CONGRESS CALL NUMBER |
| Classification number |
HV600 2011.T64 |
| Item number |
J36 2015 |
| 082 04 - DEWEY DECIMAL CLASSIFICATION NUMBER |
| Classification number |
363.34940952090512 |
| Author Mark |
JAP |
| 245 00 - TITLE STATEMENT |
| Title |
Japan copes with calamity / |
| Statement of responsibility, etc. |
edited by Tom Gill, Brigitte Steger, and David H. Slater. |
| 250 ## - EDITION STATEMENT |
| Edition statement |
Revised edition. |
| 264 #1 - PRODUCTION, PUBLICATION, DISTRIBUTION, MANUFACTURE, AND COPYRIGHT NOTICE |
| Place of production, publication, distribution, manufacture |
Oxford : |
| Name of producer, publisher, distributor, manufacturer |
Peter Lang, |
| Date of production, publication, distribution, manufacture, or copyright notice |
2015. |
| 264 #4 - PRODUCTION, PUBLICATION, DISTRIBUTION, MANUFACTURE, AND COPYRIGHT NOTICE |
| Date of production, publication, distribution, manufacture, or copyright notice |
©2015 |
| 300 ## - PHYSICAL DESCRIPTION |
| Extent |
xxi, 316 pages : |
| Other physical details |
illustrations ; |
| Dimensions |
23 cm |
| 336 ## - CONTENT TYPE |
| Content type term |
text |
| Content type code |
txt |
| Source |
rdacontent |
| 336 ## - CONTENT TYPE |
| Content type term |
still image |
| Content type code |
sti |
| Source |
rdacontent |
| 337 ## - MEDIA TYPE |
| Media type term |
unmediated |
| Media type code |
n |
| Source |
rdamedia |
| 338 ## - CARRIER TYPE |
| Carrier type term |
volume |
| Carrier type code |
nc |
| Source |
rdacarrier |
| 504 ## - BIBLIOGRAPHY, ETC. NOTE |
| Bibliography, etc. note |
Includes bibliographical references and index. |
| 611 27 - SUBJECT ADDED ENTRY--MEETING NAME |
| Meeting name or jurisdiction name as entry element |
Fukushima Nuclear Disaster (Japan : 2011) |
| Source of heading or term |
fast |
| Authority record control number or standard number |
(OCoLC)fst01797233 |
| 9 (RLIN) |
101909 |
| 611 27 - SUBJECT ADDED ENTRY--MEETING NAME |
| Meeting name or jurisdiction name as entry element |
Tohoku Earthquake and Tsunami (Japan : 2011) |
| Source of heading or term |
fast |
| Authority record control number or standard number |
(OCoLC)fst01765297 |
| 9 (RLIN) |
101910 |
| 648 #7 - SUBJECT ADDED ENTRY--CHRONOLOGICAL TERM |
| Chronological term |
2011 |
| Source of heading or term |
fast |
| 9 (RLIN) |
101911 |
| 650 #0 - SUBJECT ADDED ENTRY--TOPICAL TERM |
| Topical term or geographic name entry element |
Tohoku Earthquake and Tsunami, Japan, 2011 |
| General subdivision |
Social aspects. |
| 9 (RLIN) |
101912 |
| 650 #0 - SUBJECT ADDED ENTRY--TOPICAL TERM |
| Topical term or geographic name entry element |
Fukushima Nuclear Disaster, Japan, 2011 |
| General subdivision |
Social aspects. |
| 9 (RLIN) |
101913 |
| 650 #0 - SUBJECT ADDED ENTRY--TOPICAL TERM |
| Topical term or geographic name entry element |
Nuclear power plants |
| General subdivision |
Accidents |
| Geographic subdivision |
Japan |
| -- |
Fukushima-ken. |
| 9 (RLIN) |
101914 |
| 650 #7 - SUBJECT ADDED ENTRY--TOPICAL TERM |
| Topical term or geographic name entry element |
Nuclear power plants |
| General subdivision |
Accidents. |
| Source of heading or term |
fast |
| Authority record control number or standard number |
(OCoLC)fst01040437 |
| 9 (RLIN) |
101915 |
| 650 #7 - SUBJECT ADDED ENTRY--TOPICAL TERM |
| Topical term or geographic name entry element |
Social aspects. |
| Source of heading or term |
fast |
| Authority record control number or standard number |
(OCoLC)fst01354981 |
| 9 (RLIN) |
101916 |
| 651 #7 - SUBJECT ADDED ENTRY--GEOGRAPHIC NAME |
| Geographic name |
Japan |
| Geographic subdivision |
Fukushima-ken. |
| Source of heading or term |
fast |
| Authority record control number or standard number |
(OCoLC)fst01208986 |
| 9 (RLIN) |
101917 |
| 651 #7 - SUBJECT ADDED ENTRY--GEOGRAPHIC NAME |
| Geographic name |
Japan |
| Geographic subdivision |
Tōhoku Region. |
| Source of heading or term |
fast |
| Authority record control number or standard number |
(OCoLC)fst01240193 |
| 9 (RLIN) |
101918 |
| 700 1# - ADDED ENTRY--PERSONAL NAME |
| Personal name |
Gill, Tom, |
| Dates associated with a name |
1960- |
| Relator term |
editor. |
| 9 (RLIN) |
101919 |
| 700 1# - ADDED ENTRY--PERSONAL NAME |
| Personal name |
Slater, David H., |
| Dates associated with a name |
1960- |
| Relator term |
editor. |
| 9 (RLIN) |
101920 |
| 700 1# - ADDED ENTRY--PERSONAL NAME |
| Personal name |
Steger, Brigitte, |
| Dates associated with a name |
1965- |
| Relator term |
editor. |
| 9 (RLIN) |
101921 |
| 906 ## - LOCAL DATA ELEMENT F, LDF (RLIN) |
| a |
7 |
| b |
cbc |
| c |
copycat |
| d |
2 |
| e |
ncip |
| f |
20 |
| g |
y-gencatlg |
| 942 ## - ADDED ENTRY ELEMENTS (KOHA) |
| Source of classification or shelving scheme |
|
| Koha item type |
Book |